Countries without 'C', 'S' and 'Z' - Statistics

General Stats
  • This quiz has been taken 47 times
    45 since last reset
  • The average score is 38 of 90
Answer Stats
Hint Answer % Correct
Belgium
79%
United Kingdom
76%
Germany
73%
Poland
73%
Portugal
70%
A Albania
67%
Andorra
67%
Finland
67%
Norway
67%
Hungary
64%
Ireland
64%
Algeria
61%
D Denmark
61%
Argentina
58%
Iran
58%
Italy
58%
Peru
58%
R Romania
58%
Turkey
58%
Y Yemen
58%
Bolivia
55%
Paraguay
55%
Bulgaria
52%
Ghana
52%
I India
52%
Iraq
52%
Q Qatar
52%
Uruguay
52%
Armenia
48%
E Egypt
48%
Guinea
48%
J Japan
48%
O Oman
48%
Ukraine
48%
Guyana
45%
H Haiti
45%
L Latvia
45%
Lithuania
45%
Angola
42%
Luxembourg
42%
Vietnam
42%
Antigua and Barbuda
39%
F Fiji
39%
Gambia
39%
Guatemala
39%
Mali
39%
Malta
39%
Moldova
39%
P Palau
39%
Panama
39%
Togo
39%
B Bahrain
36%
Burundi
36%
Ethiopia
36%
Mongolia
36%
V Vanuatu
36%
Benin
33%
Bhutan
33%
G Gabon
33%
Jordan
33%
K Kenya
33%
Nauru
33%
Nepal
33%
Thailand
33%
Tonga
33%
Brunei
30%
Eritrea
30%
Georgia
30%
Kiribati
30%
Myanmar
30%
Niger
30%
Nigeria
30%
North Korea
30%
Papua New Guinea
30%
Djibouti
27%
Libya
27%
Montenegro
27%
Tuvalu
27%
Equatorial Guinea
24%
Grenada
24%
Kuwait
24%
Lebanon
24%
Liberia
24%
M Malawi
24%
Rwanda
24%
T Taiwan
21%
U Uganda
21%
N Namibia
18%
Trinidad and Tobago
18%
Mauritania
15%
No matching quizzes found
Score Distribution
Percent of People with Each Score
Percentile by Number Answered
Your Score History
You have not taken this quiz since the last reset